The coiled viper / (Record no. 21495)
[ view plain ]
| 000 -LEADER | |
|---|---|
| fixed length control field | 04186nam a22005537a 4500 |
| 005 - DATE AND TIME OF LATEST TRANSACTION | |
| control field | 20090120101437.0 |
| 008 - FIXED-LENGTH DATA ELEMENTS--GENERAL INFORMATION | |
| fixed length control field | 090120t xxu||||| |||| 00| 0 eng d |
| 010 ## - LCCN (DPL NO) | |
| LC control number | B-344332-344 |
| 020 ## - INTERNATIONAL STANDARD BOOK NUMBER | |
| International Standard Book Number | 0439420806 |
| Terms of availability | 110.00 |
| 035 ## - SYSTEM CONTROL NUMBER | |
| System control number | B-344332-344 |
| 035 ## - SYSTEM CONTROL NUMBER | |
| System control number | B-357796 |
| 037 ## - SOURCE OF ACQUISITION | |
| Source of stock number/acquisition | Tarun Books |
| 040 ## - CATALOGING SOURCE | |
| Original cataloging agency | DPL |
| Language of cataloging | English |
| 082 ## - DEWEY DECIMAL CLASSIFICATION NUMBER | |
| Classification number | S |
| 100 ## - MAIN ENTRY--PERSONAL NAME | |
| Personal name | Abbott, Tony |
| 245 ## - TITLE STATEMENT | |
| Title | The coiled viper / |
| Statement of responsibility, etc | by Tony Abbott ; illustrated by Tim Jessell |
| 260 ## - PUBLICATION, DISTRIBUTION, ETC. (IMPRINT) | |
| Place of publication, distribution, etc | New York |
| Name of publisher, distributor, etc | Scholastic |
| Date of publication, distribution, etc | 2008 (repr.) |
| 270 ## - ADDRESS | |
| Address | 557 Broadway |
| City | New York |
| Postal code | NY 10012 |
| 300 ## - PHYSICAL DESCRIPTION | |
| Extent | 118p. |
| Other physical details | ill. ; |
| Dimensions | 20cm. (pbk) |
| 490 ## - SERIES STATEMENT | |
| Series statement | The secrets of Droon ; 19 |
| 500 ## - GENERAL NOTE | |
| General note | "A Little Apple paperback." |
| 520 ## - SUMMARY, ETC. | |
| Summary, etc | Magic on Main Street?!! The border between Droon and the Upper World has been crossed. And now evil Sparr is in Eric's hometown! On a search for the Coiled Viper, he's turning the Upper World inside out. Talking frogs, flying kids, a Ninn parade down Main |
| 650 ## - SUBJECT ADDED ENTRY--TOPICAL TERM | |
| Topical term or geographic name as entry element | Droon (Imaginary place) |
| Form subdivision | Juvenile fiction. |
| 650 ## - SUBJECT ADDED ENTRY--TOPICAL TERM | |
| Topical term or geographic name as entry element | Fantasy. |
| 650 ## - SUBJECT ADDED ENTRY--TOPICAL TERM | |
| Topical term or geographic name as entry element | Friendship |
| Form subdivision | Fiction. |
| 655 ## - INDEX TERM--GENRE/FORM | |
| Genre/form data or focus term | Fantasy fiction. |
| Source of term | gsafd |
| 700 ## - ADDED ENTRY--PERSONAL NAME | |
| Personal name | Jessell, Tim |
| 710 ## - ADDED ENTRY--CORPORATE NAME | |
| Corporate name or jurisdiction name as entry element | Copyright Paperback Collection (Library of Congress) |
| 800 ## - SERIES ADDED ENTRY--PERSONAL NAME | |
| Personal name | Abbott, Tony. |
| Title of a work | Secrets of Droon ; |
| Volume/sequential designation | #19. |
| 856 ## - ELECTRONIC LOCATION AND ACCESS | |
| Uniform Resource Identifier | <a href="http://www.loc.gov/catdir/description/schol051/2004596437.html">http://www.loc.gov/catdir/description/schol051/2004596437.html</a> |
| 942 ## - ADDED ENTRY ELEMENTS (KOHA) | |
| Source of classification or shelving scheme | Dewey Decimal Classification |
| Item type | Children Books |
| Classification part | S |
| Call number suffix | ABB |
| Withdrawn status | Lost status | Source of classification or shelving scheme | Damaged status | Not for loan | Collection code | Home library | Current library | Date acquired | Source of acquisition | Cost, normal purchase price | Total Checkouts | Full call number | Barcode | Date last seen | Copy number | Cost, replacement price | Koha item type |
|---|---|---|---|---|---|---|---|---|---|---|---|---|---|---|---|---|---|
| Dewey Decimal Classification | Fiction | Bagh Kadhe Khan | Bagh Kadhe Khan | 26/08/2009 | Tarun Books/3939/15.5.09/13/23.4.09/4.7.09 | 110.00 | S ABB | B-344341 | 26/08/2009 | 1 | 110.00 | Children Books | |||||
| Dewey Decimal Classification | Fiction | Bawana | Bawana | 26/08/2009 | Tarun Books/3939/15.5.09/13/23.4.09/4.7.09 | 110.00 | 1 | S ABB | B-344343 | 20/02/2023 | 1 | 110.00 | Children Books | ||||
| Dewey Decimal Classification | Fiction | Central Library | Central Library | 26/08/2009 | Tarun Books/3939/15.5.09/13/23.4.09/4.7.09 | 110.00 | S ABB | B-344332 | 26/08/2009 | 1 | 110.00 | Children Books | |||||
| Dewey Decimal Classification | Fiction | Janak Puri | Janak Puri | 19/09/2009 | Tarun books/4121/9.9.09/89/2.9.09/11.9.09 | 110.00 | 3 | S ABB | B-357796 | 27/06/2018 | 1 | 110.00 | Children Books | ||||
| Dewey Decimal Classification | Fiction | Jor Bagh (Children Lib) | Jor Bagh (Children Lib) | 26/08/2009 | Tarun Books/3939/15.5.09/13/23.4.09/4.7.09 | 110.00 | S ABB | B-344338 | 26/08/2009 | 1 | 110.00 | Children Books | |||||
| Dewey Decimal Classification | Fiction | Karol Bagh | Karol Bagh | 26/08/2009 | Tarun Books/3939/15.5.09/13/23.4.09/4.7.09 | 110.00 | S ABB | B-344340 | 26/08/2009 | 1 | 110.00 | Children Books | |||||
| Dewey Decimal Classification | Fiction | Kasturba Gandhi Marg | Kasturba Gandhi Marg | 26/08/2009 | Tarun Books/3939/15.5.09/13/23.4.09/4.7.09 | 110.00 | S ABB | B-344334 | 26/08/2009 | 1 | 110.00 | Children Books | |||||
| Dewey Decimal Classification | Fiction | Narela | Narela | 26/08/2009 | Tarun Books/3939/15.5.09/13/23.4.09/4.7.09 | 110.00 | S ABB | B-344342 | 26/08/2009 | 1 | 110.00 | Children Books | |||||
| Dewey Decimal Classification | Fiction | New Rajendra Nagar | New Rajendra Nagar | 26/08/2009 | Tarun Books/3939/15.5.09/13/23.4.09/4.7.09 | 110.00 | S ABB | B-344336 | 26/08/2009 | 1 | 110.00 | Children Books | |||||
| Withdrawn | Dewey Decimal Classification | Fiction | Patel Nagar | Patel Nagar | 26/08/2009 | Tarun Books/3939/15.5.09/13/23.4.09/4.7.09 | 110.00 | S ABB | B-344333 | 26/08/2009 | 1 | 110.00 | Children Books | ||||
| Written off | Written-off vide DLB M. No. 388 dt 23.02.22 | Dewey Decimal Classification | Fiction | Peshwa Road | Peshwa Road | 26/08/2009 | Tarun Books/3939/15.5.09/13/23.4.09/4.7.09 | 110.00 | S ABB | B-344335 | 26/08/2009 | 1 | 110.00 | Children Books | |||
| Dewey Decimal Classification | Fiction | Sarojini Nagar | Sarojini Nagar | 26/08/2009 | Tarun Books/3939/15.5.09/13/23.4.09/4.7.09 | 110.00 | 1 | S ABB | B-344337 | 10/11/2018 | 1 | 110.00 | Children Books | ||||
| Written-off vide DLB M. No. 383 dt 16.05.19 | Dewey Decimal Classification | Fiction | Shahdara Branch | Shahdara Branch | 26/08/2009 | Tarun Books/3939/15.5.09/13/23.4.09/4.7.09 | 110.00 | S ABB | B-344344 | 26/08/2009 | 1 | 110.00 | Children Books | ||||
| Dewey Decimal Classification | Fiction | Vinoba Puri | Vinoba Puri | 26/08/2009 | Tarun Books/3939/15.5.09/13/23.4.09/4.7.09 | 110.00 | 5 | S ABB | B-344339 | 03/03/2020 | 1 | 110.00 | Children Books |
